Score 0/24 Timer 05:00
19 Plays Today
% Correct
Roosevelt
97.8%
Castro
95.4%
Yeltsin
94.9%
Chamberlain
92.4%
de Gaulle
90.5%
Berlusconi
89.9%
Trudeau
86.7%
Juan Carlos
86.3%
Hussein
82%
Hồ Chí Minh
81%
Kohl
78.7%
Shinzō Abe
77.4%
% Correct
Atatürk
74.7%
Faisal
74.6%
Hu Jintao
72%
Ahmadinejad
70.9%
Perón
67.6%
Sadat
65.5%
de Klerk
62.2%
Chávez
57.8%
Santa Anna
57.1%
Bhutto
54%
Curtin
50.7%
Aquino
45.2%
Remove Ads.
Support Sporcle.
Get the best of Sporcle when you Go Orange. This ad-free experience offers more features, more stats, and more fun while also helping to support Sporcle. Thank you for becoming a member.

You're not logged in!

Compare scores with friends on all Sporcle quizzes.
OR
Log In

Show Comments

Extras

Top Quizzes Today


Score Distribution

Your Account Isn't Verified!

In order to create a playlist on Sporcle, you need to verify the email address you used during registration. Go to your Sporcle Settings to finish the process.

Report this User

Report this user for behavior that violates our Community Guidelines.

Details: